| 000 | 00360nam a2200157Ia 4500 | ||
|---|---|---|---|
| 008 | 230312s9999||||xx |||||||||||||| ||und|| | ||
| 020 | _a81-7439-036-7 | ||
| 082 |
_a658.402 _bSTR |
||
| 100 | _aStraub Joseph, T. | ||
| 245 | 0 | _aDELEGATING WORK | |
| 260 |
_bVelocity Business _aUSA _c2000 |
||
| 300 | _a95 | ||
| 546 | _aEng. | ||
| 650 | _aManagement | ||
| 942 | _cBK | ||
| 999 |
_c549 _d549 |
||